SME COMPETITIVENESS OUTLOOK 2020 : Empowering th Green Recovery.

Bibliographic Details
Corporate Author: International Trade Centre (ITC)
Format: Book
Published: Geneva: International Trade Centre (ITC), 2021.
Subjects:
LEADER 00669cam a2200217 7i4500
001 0000036816
005 20220127090000.0
007 ta
008 220126
020 |a 9789211036817  
040 |a MATR 
090 0 0 |a I 338.7   |b SME 
245 0 0 |a SME COMPETITIVENESS OUTLOOK 2020 :   |b Empowering th Green Recovery. 
264 1 |a Geneva:   |b International Trade Centre (ITC),   |c 2021. 
300 |a 90 pages:   |b illustrations;   |c 30 cm. 
336 |a text  |2 rdacontent 
337 |a unmediated  |2 rdamedia 
338 |a volume  |2 rdacarrier 
650 0 |a Business enterprises  
710 2 |a International Trade Centre (ITC)  
999 |a 0000041511  |b Book  |c International  |e Business Information Centre